Development of Safety Index for Construction Industry of Pakistan/ (Record no. 230052)

000 -LEADER
fixed length control field 00649nam a22002057a 4500
003 - CONTROL NUMBER IDENTIFIER
control field Nust
005 - DATE AND TIME OF LATEST TRANSACTION
control field 20241030163607.0
008 - FIXED-LENGTH DATA ELEMENTS--GENERAL INFORMATION
fixed length control field 170216b xxu||||| |||| 00| 0 eng d
040 ## - CATALOGING SOURCE
Transcribing agency Nust-MCE
082 ## - DEWEY DECIMAL CLASSIFICATION NUMBER
Classification number 200
Author Mark CEM
100 ## - MAIN ENTRY--PERSONAL NAME
Personal name Tashfeen Yousaf
9 (RLIN) 48540
245 ## - TITLE STATEMENT
Title Development of Safety Index for Construction Industry of Pakistan/
Statement of responsibility, etc. Tashfeen Yousaf
260 ## - PUBLICATION, DISTRIBUTION, ETC.
Place of publication, distribution, etc. Risalpur Cantt
Name of publisher, distributor, etc. MCE
Date of publication, distribution, etc. c2014
300 ## - PHYSICAL DESCRIPTION
Extent P 114
650 ## - SUBJECT ADDED ENTRY--TOPICAL TERM
Topical term or geographic name entry element Thesis
9 (RLIN) 34811
700 ## - ADDED ENTRY--PERSONAL NAME
Personal name Construction Engineering and Management
700 ## - ADDED ENTRY--PERSONAL NAME
Personal name Dr. Muhammad Bilal Khurshid, Lt Col
9 (RLIN) 48333
856 ## - ELECTRONIC LOCATION AND ACCESS
Uniform Resource Identifier <a href=" http://10.250.8.41:8080/xmlui/handle/123456789/11790"> http://10.250.8.41:8080/xmlui/handle/123456789/11790</a>
942 ## - ADDED ENTRY ELEMENTS (KOHA)
Koha item type Soft Copy
Source of classification or shelving scheme
Holdings
Withdrawn status Lost status Source of classification or shelving scheme Damaged status Not for loan Permanent Location Current Location Shelving location Date acquired Full call number Barcode Date last seen Price effective from Koha item type
          Central Library (CL) Central Library (CL) Thesis 10/28/2020 200 CL-T-6415 10/28/2020 10/28/2020 Thesis
© 2023 Central Library, National University of Sciences and Technology. All Rights Reserved.